Pod dohledem psů Rumunskem a Moldávií : sólo na kole /
Uloženo v:
| Hlavní autor: | |
|---|---|
| Médium: | Kniha |
| Jazyk: | Czech |
| Vydáno: |
[Praha] :
Nakladatelství BVD, s.r.o.,
2026
|
| Vydání: | Vydání první |
| Témata: | |
| Celkem bylo vypůjčeno: | 0x |
| Tagy: |
Žádné tagy |
| LEADER | 01674nam a2200445 i 4500 | ||
|---|---|---|---|
| 001 | 106215 | ||
| 003 | CZ PrSKC | ||
| 005 | 20260428153353.0 | ||
| 007 | ta | ||
| 008 | 260410s2026 xr abc e 000 0 cze d | ||
| 020 | |a 9788090778962 |q (brožováno) : |c Kč 339.00 | ||
| 040 | |a KLG001 |b cze |e rda | ||
| 072 | 7 | |a 913(4) |x Geografie Evropy, reálie, cestování |2 Konspekt |9 7 | |
| 080 | |a 796.61 |2 MRF | ||
| 080 | |a 913(498) |2 MRF | ||
| 080 | |a 913(478) |2 MRF | ||
| 080 | |a (498) |2 MRF | ||
| 080 | |a (478) |2 MRF | ||
| 080 | |a (0:82-992) |2 MRF | ||
| 100 | 1 | |a Petrů, Vladimír, |d 1955- |7 hka20251248208 |4 aut |9 117297 | |
| 245 | 1 | 0 | |a Pod dohledem psů Rumunskem a Moldávií : |b sólo na kole / |c Vladimír Petrů |
| 246 | 3 | 0 | |a Rumunskem a Moldávií |
| 250 | |a Vydání první | ||
| 264 | 1 | |a [Praha] : |b Nakladatelství BVD, s.r.o., |c 2026 | |
| 300 | |a 218 stran : |b barevné ilustrace, portréty ; |c 24 cm | ||
| 336 | |a text |b txt |2 rdacontent | ||
| 336 | |a statický obraz |b sti |2 rdacontent | ||
| 337 | |a bez média |b n |2 rdamedia | ||
| 338 | |a svazek |b nc |2 rdacarrier | ||
| 500 | |a "Text a fotografie: Vladimír Petrů"--Tiráž | ||
| 650 | 0 | 7 | |a cykloturistika |7 ph114274 |z Rumunsko |2 czenas |
| 650 | 0 | 7 | |a cykloturistika |7 ph114274 |z Moldavsko |2 czenas |
| 651 | 7 | |a Rumunsko |7 ge130694 |x reálie |2 czenas | |
| 651 | 7 | |a Moldavsko |7 ge130063 |x reálie |2 czenas | |
| 655 | 7 | |a cestopisy |7 fd131956 |2 czenas |9 53521 | |
| 710 | 2 | |a Nakladatelství BVD |7 xx0225487 |4 pbl |9 117298 | |
| 910 | |a UOG502 | ||
| 942 | |2 ddc |c KN | ||
| 999 | |d 106215 | ||
| 993 | |0 0 |1 421180106941 |2 ddc |4 0 |6 91_000000000000000 |7 0 |9 99558 |b 0 |c 106941 |d 2026-04-28 |e 0 |f DOSP |g 91 |h 339.00 |i Koupě |l DOSP |r 2026-04-28 |t 5 |w 2026-04-28 |y KN |z NAUCNA |n | ||